Distributed cognitions : psychological and educational considerations
Αποθηκεύτηκε σε:
| Άλλοι συγγραφείς: | |
|---|---|
| Μορφή: | Βιβλίο |
| Γλώσσα: | English |
| Δημοσίευση: |
Cambridge :
Cambridge University Press,
1997
|
| Σειρά: | Learning in doing
|
| Θέματα: | |
| Ετικέτες: |
Προσθήκη ετικέτας
Δεν υπάρχουν, Καταχωρήστε ετικέτα πρώτοι!
|
MARC
| LEADER | 00000nam a2200000 i 4500 | ||
|---|---|---|---|
| 001 | 1/60902 | ||
| 008 | 040914s1997 eng d | ||
| 020 | |a 0-521-57423-4 | ||
| 035 | |l 10074377 | ||
| 040 | |a GR-MY-UA |b gre |e aacr | ||
| 041 | 0 | |a eng | |
| 082 | 0 | |a 153 | |
| 245 | 1 | 0 | |a Distributed cognitions : |b psychological and educational considerations / |c edited by Gavriel Salomon |
| 260 | |a Cambridge : |b Cambridge University Press, |c 1997 | ||
| 300 | |a 275 p. | ||
| 490 | 1 | |a Learning in doing | |
| 504 | |a Includes bibliographical references and index | ||
| 650 | 0 | 0 | |a Cognition and culture. |
| 650 | 0 | 0 | |a Knowledge, Sociology of. |
| 650 | 0 | 0 | |a Cognition |x Social aspects. |
| 650 | 0 | 0 | |a Learning, Psychology of |x Social aspects. |
| 700 | 1 | |a Salomon, Gavriel. |4 edt | |
| 830 | 0 | |a Learning in doing | |
| 852 | |a INST |b RHODES |e 20040914 |h 153 DIS |p 005400018568 |q 005400018568 |t BK |y 0 | ||
| 901 | |a BIBL4-2004-3 | ||
| 909 | |a Ρ |b 113145 | ||
| 922 | |a 4ΕΛΗ |b 200408 |c ΕΠΕΑΕΚ2/ΤΕΠΑΕΣ |d ΜΙΧΑΛΟΠΟΥΛΟΣ | ||
| 950 | |a 096-2004-06-17 | ||
| 970 | |a ΚΟΥΛΑΚΙΟΤΗ |b ΛΙΤΣΑ |z 2004/09/15 | ||